000 00731nam a22002297a 4500
005 20170124110159.0
010 _aB-165860
020 _c250.00
_a8179911497
035 _aB-165860
037 _bCen Lib/Ret
040 _aDPL
_bEN
082 _a786.93
_bNAI
100 _aNaimpalli, Sadanand
_935708
245 _aTheory and practice of tabla /
_cby Sadanand Naimpalli
260 _aMumbai
_bPopular Prakashan
_c2005
270 _a35-C, Pandit Madan Mohan Malviya Marg, Tardeo
_bMumbai
_e400034
300 _axvi,240p.
_c19cm(pbk)
500 _aIncludes bibliographical references and index
650 _aTabla -- Instruction and study
_935709
650 _aTabla
_935710
942 _2ddc
_cEN
_h786.93
_mNAI
999 _c132776
_d132776